000 00486nam a22001697a 4500
003 PILC
005 20150112093444.0
008 130227t xxu||||| |||| 00| 0 eng d
020 _a9780135025536
050 _aBF 76.5
_b.Sa167 2009
082 _aR 150.72
_b.Sa3 2009
100 _aSalkind, Neil J.
_921056
245 _aExploring research /
_cNeil J. Salkind
260 _aUpper Saddle River, N.J. :
_bPrentice Hall,
_c2009.
300 _a316 pages :
_bill.;
_c28 cm.
942 _2lcc
_cBK
999 _c14831
_d14831